00511nam a2200193 a 4500001001300000003000900013005001700022008004100039020002200080082002100102100001700123245004400140260003700184300000900221500003500230505001000265650002500275700001700300nice12345678IN_TiNIC20260116013339.0050524s2000 newa grp 000 0 eng  a8187496 c7500a324.2454084bNOO aNoorani, A G aRss and the Bjpb a Division of Labour. aNew DelhibLeft Word Book c2000 a112p aincludes index and biblioraphy2 aNotes aFundamentalism-Hindu1 aNoorani, A G